000 00723nam a2200241Ii 4500
003 JO-AjNU
008 230605s9999||||xx |||||||||||||| ||und||
017 _a2002/3/739
020 _a9957-09-093-3
040 _aJO-AjNU
_bara
_erda
_cJO-AjNU
041 _aara
050 1 4 _aPJ7824.A56.A15 2002
100 3 _aتأليف فركوخ، إلياس,
_eauthor
_948560
245 0 0 _aحقول الظلال
250 _aط1
264 3 1 _aعمان:دار أزمنة للنشر،2002
300 _a122ص
336 _atext
_btxt
_2rdacontent
337 _aunmediated
_bn
_2rdamedia
338 _avolume
_bnc
_2rdacarrier
490 0 _aإبداعات عربية (قصص)
650 4 _aالأدب العربي - قصص
_948561
999 _aA21274
_c24842
_d24842